Gangs, Drugs and (Dis) Organised Crime (Record no. 3214)
[ view plain ]
| 000 -LEADER | |
|---|---|
| fixed length control field | 01202cam a22001934a 4500 |
| 005 - ΗΜΕΡΟΜΗΝΙΑ ΚΑΙ ΩΡΑ ΤΕΛΕΥΤΑΙΑΣ ΕΝΗΜΕΡΩΣΗΣ | |
| Πεδίο ελέγχου | 20250605164108.0 |
| 008 - FIXED-LENGTH DATA ELEMENTS--GENERAL INFORMATION | |
| Πεδίο ελέγχου σταθερού μήκους | 250528s ||||||||||||||||||||||||d |
| 035 ## - SYSTEM CONTROL NUMBER | |
| System control number | 17814 |
| 020 ## - ISBN | |
| ISBN | 9781529203028 |
| 040 ## - ΠΗΓΗ ΚΑΤΑΛΟΓΟΓΡΑΦΗΣΗΣ | |
| Φορέας πρωτότυπης καταλογογράφησης | MC Athens Campus Library |
| Γλώσσα καταλογογράφησης | Ελληνικά, Μοντέρνα (1453-) |
| Modifying agency | MC Athens Campus Library |
| Κανόνες περιγραφικής καταλογογράφησης | AACR2 |
| 245 1# - ΤΙΤΛΟΣ ΚΑΙ ΔΗΛΩΣΗ ΥΠΕΥΘΥΝΟΤΗΤΑΣ | |
| Τίτλος | Gangs, Drugs and (Dis) Organised Crime |
| 260 ## - PUBLICATION, DISTRIBUTION, ETC. | |
| Name of publisher, distributor, etc. | Bristol University Press, |
| Date of publication, distribution, etc. | 2019 |
| 300 ## - PHYSICAL DESCRIPTION | |
| Extent | 230 |
| 520 ## - SUMMARY, ETC. | |
| Summary, etc. | Drawing upon unique empirical data based on interviews with high-profile ex-offenders and experts, this book sheds new light on drug markets and gangs in the UK, The study shows how traditional methods of tackling gang violence fail to address the interviewed nature of those criminal activities which can overlap with other organized crime spheres. Acknowledgements, Preface, Introduction: Book's Purpose and Content and Structure, Terminology, Background, A Review of Gang Literature, Scottish Gang Literature, Rediscovering Scottish Gangs: Towards a Typology, Street Life and Crime and (Dis) Organized Crime, Gangs and Drug Supply, Tackling Gangs and Organized Crime and Rethinking, Drugs Policy, References, Index. |
| 700 1# - ΠΡΟΣΘΕΤΗ ΑΝΑΓΡΑΦΗ--ΦΥΣΙΚΟ ΠΡΟΣΩΠΟ | |
| Personal name | Mclean Robert |
| 9 (RLIN) | 4085 |
| 942 ## - ADDED ENTRY ELEMENTS (KOHA) | |
| Koha item type | Books |
| Τύπος τεκμηρίου | Βιβλιοθήκη | Τρέχουσα τοποθεσία | Barcode | Αριθμός εισαγωγής | Ημερομηνία απόκτησης | Ταξιθετικό σύμβολο | Αριθμός αντιτύπου | Κατάσταση απόσυρσης | Κατάσταση χαμένου | Κατάσταση κατεστραμμένου | Μη δανεισμός | Σύνολο δανεισμών | Ημερομηνία τελευταίας εμφάνισης | Η τιμή ισχύει από |
|---|---|---|---|---|---|---|---|---|---|---|---|---|---|---|
| Books | MC Athens Campus Library | MC Athens Campus Library | 9780000032133 | 7212 | 05/06/2025 | 264.10660941 MCL | 1 | 05/06/2025 | 05/06/2025 |